Welcome to the Holygrace Academy Library

Please use search bar below to get started

SNEHATHINTE RASATHANTHRAM (Record no. 1635)

MARC details
000 -LEADER
fixed length control field 00295nam a22001337a 4500
082 ## - DEWEY DECIMAL CLASSIFICATION NUMBER
Classification number 894.812.3
Item number SAJ/S
100 ## - MAIN ENTRY--AUTHOR NAME
Personal name SAJEEV KUMAR, S
245 ## - TITLE STATEMENT
Title SNEHATHINTE RASATHANTHRAM
250 ## - EDITION STATEMENT
Edition statement 1
260 ## - PUBLICATION, DISTRIBUTION, ETC. (IMPRINT)
Place of publication ATTINGAL
Name of publisher OZONE BOOKS
Year of publication 2001
300 ## - PHYSICAL DESCRIPTION
Number of Pages 72
650 ## - SUBJECT ADDED ENTRY--TOPICAL TERM
Topical Term PSYCHOLIGY
Geographic subdivision KERALA
942 ## - ADDED ENTRY ELEMENTS (KOHA)
Koha item type Books
Holdings
Withdrawn status Lost status Collection code Home library Current library Shelving location Date acquired Source of acquisition Cost, normal purchase price Full call number Accession Number Koha item type
    Fiction Main Library Main Library SHELF-6D- MALAYALAM SHORT STORIES 08/05/2006 PURCHASE 50.00 894.812.3 SAJ/S 02712 Books